000 00403nam a2200169Ia 4500
001 11585
005 20260306162838.0
008 260306t9999||||xx |||||||||||||| ||spa||
041 _aESP
082 _a985.4
_bJ93
100 _aJusto Pacheco, José Mario
_eAUT
245 0 _aArequipa:
_bapunte histórico geográfico
300 _a
_c
650 _aGEN
654 _aCHU
942 _cLIB
_dJUS
_fJUS
_2ddc
_n
999 _c11585
_d11585